Statistics for New York Yankees Players By Last Name

Click here to take the quiz!

General Stats

  • This quiz has been taken 183 times
  • The average score is 11 of 12

Answer Stats

First Last % Correct
BabeRuth
99%
DerekJeter
99%
JoeDiMaggio
98%
AlexRodriguez
98%
LouGehrig
97%
MickeyMantle
97%
YogiBerra
96%
CCSabathia
94%
MarianoRivera
93%
ReggieJackson
90%
RogerMaris
86%
WhiteyFord
82%

Score Distribution

Percentile by Number Answered

Percent of People with Each Score

Your Score History

You have not taken this quiz